Aerodynamics for engineering students (Record no. 544957)

000 -LEADER
fixed length control field 00506cam a22001691 4500
082 ## - DEWEY DECIMAL CLASSIFICATION NUMBER
Classification number 620.1074
Author Mark HOU
-- L-5, P-15
100 1# - MAIN ENTRY--PERSONAL NAME
Personal name Houghton, E. L.
9 (RLIN) 40697
245 10 - TITLE STATEMENT
Title Aerodynamics for engineering students
Statement of responsibility, etc. [by] E. L. Houghton and A. E. Brock.
250 ## - EDITION STATEMENT
Edition statement 2 nd ed.
260 ## - PUBLICATION, DISTRIBUTION, ETC.
Place of publication, distribution, etc. London,
Name of publisher, distributor, etc. E. Arnold
Date of publication, distribution, etc. [1960]
300 ## - PHYSICAL DESCRIPTION
Extent 400 p.
Other physical details illus.
Dimensions 24 cm.
526 ## - STUDY PROGRAM INFORMATION NOTE
Program name 0
Interest level 0
Reading level 0
Title point value 620_107400000000000_HOU
650 #0 - SUBJECT ADDED ENTRY--TOPICAL TERM
Topical term or geographic name entry element Aerodynamics.
9 (RLIN) 2589
650 #0 - SUBJECT ADDED ENTRY--TOPICAL TERM
Topical term or geographic name entry element MCE
9 (RLIN) 379
700 1# - ADDED ENTRY--PERSONAL NAME
Personal name Brock, A. E.
9 (RLIN) 40698
942 ## - ADDED ENTRY ELEMENTS (KOHA)
Source of classification or shelving scheme
Koha item type Book
Holdings
Withdrawn status Lost status Source of classification or shelving scheme Damaged status Not for loan Permanent Location Current Location Date acquired Total Checkouts Full call number Barcode Date last seen Price effective from Koha item type
          Military College of Engineering (MCE) Military College of Engineering (MCE) 05/15/2014   620.1074 HOU MCE-3544 05/15/2014 05/15/2014 Book
© 2023 Central Library, National University of Sciences and Technology. All Rights Reserved.